00487nam a22001817a 450000500170000001000150001702000260003203500140005803700130007208200100008510000210009524500470011626000330016327000510019630000210024770000190026870000180028720230724145042.0 aENG-137541 a9789392080487c250.00 aEN-121073 bDBAD/PUB a363.7 aChaturvedi, D.D.10aEnvironmental Studies/cby D.D. Chaturvedi aNew DelhibKitab Mahalc2023 a4655/21, Ansari Road, DaryaganjbDelhie110002 a278p.c21cm(pbk) aHarpreet Singh aNoopur Saxena